1502 1873 1145 1911 1025 1540 1180 1952 1467 1960 1127 1015 1007 1566 1158 1850 1093 1007 1282 1808 1409 1353 1014 1360 1913 1185 1141 1555 1389 1373 1061 1207 1946 1394 1132 1535 1551 1130 1192 1047 1812 1145 1433 1102 1821 1370 1698 1037 1792 1870 1635 1466 1292 1752 1088 1590 1031 1853 1435 1287 1430 1137 1235 1770 1608 1952 1044 1428 1015 1822 1979 1003 1146 1475 1812 1837 1419 1369 1150 1681 1778 2000 1051 1159 1608 1170 1392 1596 1030 1120 1833 1083 1932 1907 1591 1839 1221 1191 1266 BCNSPRNW ULIB Ver.6.0+V

เปลี่ยนเป็นภาษาไทย

Change to English
 แสดงรายละเอียดบรรณานุกรม
  กลับหน้าหลัก

Brief Record : Get Marc (ISO 2709) : E-mail record : QR code < ปิดหน้าต่าง
LEADER : 00000nam 2200000uu 4500
001    13399122971
003     ULIB
008    131115s2556||||th 000 0 tha d
020    ^a9786162830730 (cloth.)
050  4 ^aDS586^bจ132 ล.2
245 00 ^aจดหมายเหตุเฉลิมพระเกียรติพระบาทสมเด็จพระปรมินทรมหาภูมิพลอดุลยเดช เนื่องในโอกาสพระราชพิธีมหามงคลเฉลิมพระชนมพรรษา 7 รอบ 5 ธันวาคม 2554 /^cคณะกรรมการฝ่ายประมวลเอกสารและจดหมายเหตุ โดย กรมศิลปากร กระทรวงวัฒนธรรม
260    ^aกรุงเทพฯ :^bกรมศิลปากร,^c2556.
300    ^a2 เล่ม :^bภาพประกอบสี ;^c30 ซม. +^eซีดี-รอม 2 แผ่น
505 2  ^aเล่ม 2 ภาคที่ 6-- เล่ม 2 โครงการและกิจกรรมเฉลิมพระเกียรติ.
600 04 ^aภูมิพลอดุลยเดช,^cพระบาทสมเด็จพระปรมินทรมหา,^d2470-
650  4 ^aพระราชพิธีมหามงคลเฉลิมพระชนมพรรษา 7 รอบ 5 ธันวาคม 2554
710 2  ^aกรมศิลปากร
856    ^zT07851_2.pdf (Content)^uhttp://192.168.190.19/ULIB6//_fulltext/5/13399122971/20131115150039_4397.pdf
945    ^p0^l0^i034164
999    ^aเกษร โพธิ์สุวรรณ
รายการนี้ยังไม่มีแท็ก
คุณยังไม่ได้ล็อกอิน คุณสามารถมีกิจกรรมร่วมกับเว็บไซต์ได้ แต่ต้องล็อกอินก่อน ::
  ล็อกอิน

รายการสื่อสารสนเทศ

ลำดับที่ ประเภท เลขเรียก/บาร์โค้ด สถานที่ สถานะ
- ไม่พบข้อมูล -

BibComment


ยังไม่เคยถูกคอมเมนท์

คอมเมนท์ทรัพยากรรายการนี้
  คอมเมนท์: จดหมายเหตุเฉลิมพ..


 Copyright 2026. Bcnsprnw @Library